Municipalities of Ibaraki - Click Map - Statistics

General Stats
  • This quiz has been taken 26 times
  • The average score is 23 of 44
Answers on the Map
Answers color-coded by a green-red scale on the quiz's map according to % correct below.
 
Answer Stats
Answer % Correct
Hitachiota 常陸太田市 ひたちおおたし
88%
Chikusei 筑西市 ちくせいし
75%
Hitachi 日立市 ひたちし
75%
Inashiki 稲敷市 いなしきし
75%
Kitaibaraki 北茨城市 きたいばらきし
75%
Mito 水戸市 みとし
75%
Naka 那珂町 なかまち
75%
Namegata 行方市 なめがたし
75%
Tsukuba つくば市 つくばし
75%
Ami 阿見町 あみまち
63%
Daigo 大子町 だいごまち
63%
Hitachiomiya 常陸大宮市 ひたしおおみやし
63%
Joso 常総市 じょうそうし
63%
Kamisu 神栖市 かみすし
63%
Oarai 大洗町 おおあらいまち
63%
Tsuchiura 土浦市 つちうらし
63%
Tsukubamirai つくばみらい市 つくばみらいし
63%
Goka 五霞町 ごかまち
50%
Hitachinaka ひたちなか市 ひたちなかし
50%
Ibaraki 茨城町 いばらきまち
50%
Ishioka 石岡市 いしおかし
50%
Kasama 笠間市 かさまし
50%
Kashima 鹿嶋市 かしまし
50%
Koga 古河市 こがし
50%
Sakai 境町 さかいまち
50%
Tokai 東海村 とうかいむら
50%
Tone 利根町 とねまち
50%
Toride 取手市 とりでし
50%
Ushiku 牛久市 うしくし
50%
Yachiyo 八千代町 やちよまち
50%
Bando 坂東市 ばんどうし
38%
Itako 潮来市 いたこし
38%
Kasumigaura かすみがうら市 かすみがうらし
38%
Miho 美浦村 みほむら
38%
Moriya 守谷町 もりやまち
38%
Omitama 小美玉市 おみたまし
38%
Sakuragawa 桜川市 さくらがわし
38%
Shimotsuma 下妻市 しもつまし
38%
Shirosato 城里町 しろさとまち
38%
Takahagi 高萩市 たかはぎし
38%
Hokota 鉾田市 ほこたし
25%
Kawachi 河内町 かわちまち
25%
Ryugasaki 龍ケ崎市 りゅうがさきし
25%
Yuki 結城市 ゆうきし
25%
No matching quizzes found
Score Distribution
Percent of People with Each Score
Percentile by Number Answered
Your Score History
You have not taken this quiz